| 000 | 00613nam a2200205 a 4500 | ||
|---|---|---|---|
| 005 | 20140310183241.0 | ||
| 008 | 041110s19uu xx 00 eng d | ||
| 020 | _a9715423698 | ||
| 050 |
_aPL 6062.2 _b.D368 2003 |
||
| 100 | _ade Jesus, George III | ||
| 245 |
_aTatlong sarsuela / _cGeorge III de Jesus |
||
| 260 |
_aDiliman, Quezon City : _bUniversity of the Philippines Press, _c2003. |
||
| 300 |
_ax, 207 p. : _c23 cm. |
||
| 650 | _aTagalog literature. | ||
| 650 |
_aPlays _xPhilippines. |
||
| 700 | _aLumbera. Bienvenido | ||
| 700 | _aMaggay, Melba Padilla | ||
| 942 |
_cBK _2lcc _kFLIR |
||
| 999 |
_c20610 _d20610 |
||